Misteri harta pusaka

Bibliographic Details
Main Author: Suzi M.H
Corporate Author: Title
Format: Book
Published: Kuala Lumpur : Penerbitan Hasratpelajar , 1994
Series:Siri Salma
Subjects:

MARC

LEADER 00000cam a2200000 7i4500
001 0000054697
005 20151222.0
008 151109
020 |a 9830411559 
090 0 0 |a AD   |b MAL 
100 0 |a Suzi M.H 
245 1 0 |a Misteri harta pusaka   |c Suzi M.H 
260 |a Kuala Lumpur :   |b Penerbitan Hasratpelajar ,   |c 1994 
440 0 |a Siri Salma 
500 |a Children ages 7-9 years old (orange) 
650 0 |a Detective and mystery stories, Malay 
650 0 |a Malay fiction 
710 0 |a Title 
999 |a 0000444241   |b Book   |c Children Collection   |e Cawangan Taman Universiti 
999 |a 0000444264   |b Book   |c Children Collection   |e Cawangan Pontian 
999 |a 0000444267   |b Book   |c Children Collection   |e Cawangan Bandar Penawar 
999 |a 0000769408   |b Book   |c Children Collection   |e Cawangan Bandar Penawar 
999 |a 0000777775   |b Book   |c Brochure/Pamphlet/Poster   |e Cawangan Pontian 
999 |a 0000777777   |b Book   |c Children Collection   |e Cawangan Pontian 
999 |a 0000777778   |b Book   |c Children Collection   |e Cawangan Pontian 
999 |a 0000777779   |b Book   |c Children Collection   |e Cawangan Pontian 
999 |a 0000793860   |b Book   |c Children Collection   |e Cawangan Segamat 
999 |a 0000793861   |b Book   |c Children Collection   |e Cawangan Segamat 
999 |a 0000793862   |b Book   |c Children Collection   |e Cawangan Segamat